Continentes y océanos del mundo - Estadísticas

Estadísticas generales
  • Esta prueba ha sido intentada 363 veces
  • La puntuación promedio es 7 de 14
Estadísticas de respuestas
Respuesta % Correcto
Europa
91%
Asia
90%
Oceanía
88%
África
82%
América del Norte
82%
América del Sur
82%
Antártida
68%
Océano {Índico}
54%
Océano {Ártico}
32%
Océano {Antártico}
25%
Océano {Atlántico Norte}
14%
Océano {Pacífico Norte}
14%
Océano {Pacífico Sur}
12%
Océano {Atlántico Sur}
10%
No se encontraron pruebas coincidentes
Distribución de puntuación
Porcentaje de gente con cada puntuación
Porcentaje por número respondido
Historial de tus puntuaciones
No has intentado esta prueba.